25 Mars 2025 | Animaux - Statistiques

Statistiques générales
  • Ce quiz a été pris 54 fois
  • Le résultat moyen est 8 sur 15
Statistiques - réponses
Question Réponse % Correct
Quel est l'animal terrestre le plus rapide ? Guépard
96%
Quel animal marin est réputé pour son intelligence et sa capacité à communiquer ? Dauphin
85%
Quel insecte est connu pour sa capacité à former des colonies et à travailler ensemble ? Fourmi
83%
Quel reptile est connu pour sa faculté à changer de couleur ? Caméléon
81%
Quel animal a une mémoire extraordinaire et peut reconnaître leurs congénères après de nombreuses années ? Éléphant
72%
Quel animal est célèbre pour sa lenteur et sa vie dans les arbres ? Paresseux
72%
Quel est le plus grand mammifère marin ? Baleine Bleue
66%
Quel animal est connu sous le nom de "Canis lupus familiaris" ? Chien
60%
Quel mammifère est connu pour sa capacité à voler ? Chauve-Souris
51%
Quel insecte a une abondance de couleurs et est souvent vu dans les jardins ? Papillon
38%
Quel mammifère marin est souvent appelé "vache de mer" ? Lamantin
34%
Quel animal est le plus grand carnivore terrestre ? Ours Polaire
15%
Quel animal est le symbole de sagesse dans plusieurs cultures ? Hibou
13%
Quel oiseau est connu pour son beau plumage et son chant mélodieux ? Rossignol
11%
Quel animal a le cœur le plus gros par rapport à son corps ? Colibri
0%
Aucun quiz correspondant
Distribution des résultats
% des personnes avec chaque résultat
Percentile par nombre de réponses
Votre historique - résultats
Vous n’avez pas pris ce quiz